Christians and Muslims Together (Record no. 6316)
[ view plain ]
| 000 -LEADER | |
|---|---|
| fixed length control field | 00583nam a2200229 a 4500 |
| 020 ## - INTERNATIONAL STANDARD BOOK NUMBER | |
| ISBN | 0664615 |
| 082 00 - DEWEY DECIMAL CLASSIFICATION NUMBER | |
| Classification number | 291 |
| Author Cutter | HAI |
| 100 ## - MAIN ENTRY--AUTHOR NAME | |
| Author name | Haines, Byron L |
| 245 ## - TITLE STATEMENT | |
| Title | Christians and Muslims Together |
| 260 ## - PUBLICATION, DISTRIBUTION, ETC. (IMPRINT) | |
| Place of publication | Louisville |
| Name of publisher | Westminister Press |
| Year of publication | 1987 |
| 300 ## - PHYSICAL DESCRIPTION | |
| Number of Pages | 130p |
| 500 ## - GENERAL NOTE | |
| General note | includes index and biblioraphy |
| 505 2# - FORMATTED CONTENTS NOTE | |
| Formatted contents note | Glossary, Bibliography |
| 650 ## - SUBJECT ADDED ENTRY--TOPICAL TERM | |
| Topical Term | Comparative Religion |
| 942 ## - ADDED ENTRY ELEMENTS (KOHA) | |
| Koha item type | Books |
| Collection code | Home library | Current library | Date acquired | Cost, normal purchase price | Full call number | Accession Number | Koha item type |
|---|---|---|---|---|---|---|---|
| Henry Martyn Institute Library | Henry Martyn Institute Library | 04/09/2008 | 100.00 | 291 HAI | 013666 | Books |
